000 00878na a2200265 4500
001 24421
003 MIRAKIL
005 20181226104235.0
008 181005b tu 000 0
035 _a14764
041 _atur
082 _a324.2182
_bA46 2015
090 _a324.2182 A46 2015
245 _aAKP iktidarı ve rejimin otoriterleşmesi
_cCHP Araştırma Bilim ve Yönetim Platformu
260 _aAnkara
_bAraştırma Bilim ve Yönetim Platformu
_c2015
300 _a156 s.
_c20 sm.
610 _aCHP
_xAKP iktidarı
_yEleştiriler
610 _aCHP
_xOtoriter iktidar
_yEleştiriler
650 _aAKP iktidarı
_xSiyaset ve yönetim
650 _aSiyasal partiler
_zTürkiye
710 _aCumhuriyet Halk Partisi
_bAraştırma Bilim ve Yönetim Platformu
710 _aAdalet ve Kakınma Partisi (AKP)
942 _2ddc
_cBKS
040 _aMilas
_btur
_cTR-AnCHP
999 _c11840
_d11840